Datum a čas kvízu
20
Celkem bodů
Celkový počet nahraných bodů na tomto kvízu bez doplňovacích otázek.
5.
Pořadí na kvízu
Konečné umístění týmu na tomto kvízu.
Zaznamenané odpovědi
| # | Otázka | Odpověď | Body | Výsledky |
|---|---|---|---|---|
| 1. | Ve středu do toho „praštil“ da... | Lucie Šafářová, Tomáš Plekanec | 1 | |
| 2. | V neděli se konaly volby do ně... | Armin Laschet | 0 | |
| 3. | Elon Musk plní stránky novin i... | Grimes | 0 | |
| 4. | Americký řetězec Costco zavedl... | toaletního papíru | 1 | |
| 5. | V sobotu se na fotbalovém stad... | Oleksandr Usyk, Anthony Joshua | 0 | |
| 6. | V pátém díle našeho cestovatel... | Pražský kraj | 0 | |
| 7. | Jedním z nejnavštěvovanějších... | V gotickém slohu. | 0 | |
| 8. | Důležitým průmyslovým centrem... | Laurin a Klement | 1 | |
| 9. | Ze Středočeského kraje pochází... | D | 1 | |
| 10. | V tomto kraji najdeme také spo... | V Mnichově Hradišti. | 0 |